|
|
|
|
| LEADER |
00773nam a22001697a 4500 |
| 008 |
150319b xxu||||| |||| 00| 0 eng d |
| 100 |
|
|
|a Bare Act
|
| 245 |
|
|
|a The Protection of Women from Domestic Violence Act, 2005
|
| 260 |
|
|
|a New Delhi
|b Universal Law Publishing Company Ltd.
|c 2015
|
| 300 |
|
|
|a 43
|
| 500 |
|
|
|a Include Index
|
| 650 |
|
|
|2 Protection of Women from Domestic Violence
|
| 942 |
|
|
|2 ddc
|c BARE ACT
|
| 999 |
|
|
|c 8149
|d 8149
|
| 952 |
|
|
|0 0
|1 0
|2 ddc
|4 0
|7 1
|9 10611
|a NUALS
|b NUALS
|d 2015-03-19
|g 70.00
|l 2
|p 10736
|r 2016-10-07
|s 2016-08-04
|w 2015-03-19
|y BARE ACT
|
| 952 |
|
|
|0 0
|1 0
|2 ddc
|4 0
|7 1
|9 10612
|a NUALS
|b NUALS
|d 2015-03-19
|l 0
|p 10737
|r 2015-03-19
|w 2015-03-19
|y BARE ACT
|
| 952 |
|
|
|0 0
|1 0
|2 ddc
|4 0
|7 1
|9 10613
|a NUALS
|b NUALS
|d 2015-03-19
|l 1
|p 10738
|r 2019-03-27
|s 2019-03-27
|w 2015-03-19
|y BARE ACT
|